00504nam a2200145Ia 4500008004100000041000800041082001200049100001700061245001600078260005000094300001900144520004400163999001700207952013400224240719s9999 xx 000 0 und d aeng a823 ROY aNilanjana S. aBlack River aChennaibNasadiya Technologies Pvt. Ltdc2022 a350.; P. 22 Cm aFaculty Purchase By Dr. Jitendra Sharma c41434d41434 00104070aIMTNbIMTNcRack 38-Bd2023-07-08eAmazong499.00l1o823 ROYp33129r2024-08-08 00:00:00s2024-07-29w2023-05-18yBK